| 000 | 00485nam a22001937a 4500 | ||
|---|---|---|---|
| 003 | MPLRDC | ||
| 005 | 20220104150904.0 | ||
| 008 | 210129b ||||| |||| 00| 0 eng d | ||
| 020 | _a957-459-787-3 | ||
| 082 | _a857.62 KNDE-13 v.3 | ||
| 100 | _aARTHUR CONAN DOYLE | ||
| 245 |
_a奇案录 _c余传明编译 |
||
| 250 | _a再版 | ||
| 260 |
_a _b侦查馆 _c2002 |
||
| 300 | _b平 | ||
| 490 | _a福尔摩斯探案集. 3 | ||
| 650 | _a推理小说 | ||
| 942 |
_cBK _o857.62 KNDE-13 v.3 |
||
| 999 |
_c52098 _d52088 |
||